000 00435nam a2200157 i 4500
001 99382
003 ES-MaACL
005 20230906182505.0
007 t|
008 050907s1969 sp ||||1| spa d
100 1 _aMartín Vigil, José Luis.
_977676
245 1 0 _aCierto olor a podrido /
_cJosé Luis Martín Vigil.
260 _aBarcelona :
_bJuventud,
_c1969.
300 _a367 p. ;
_c18 cm.
852 _aES-MaACL
_jC-40734
_bR.72036
999 _c99382
_d99382